000 00846nam a2200217Ii 4500
003 JO-AjNU
008 230605s9999||||xx |||||||||||||| ||und||
017 _a2000/7/2151
040 _aJO-AjNU
_bara
_erda
_cJO-AjNU
041 _aara
050 1 4 _aDS97.5.A7662 2000
100 3 _aالأرناؤط، محمد م,
_eauthor
_98866
245 0 0 _aدراسات حول الحكومة/ الدولة العربية في دمشق 1918-1920 م
250 _aط1
264 3 1 _aاربد: مؤسسة حمادة للدراسات الجامعية والنشر والتوزيع، 2000
300 _a160ص
_bصور فوتوغرافية
336 _atext
_btxt
_2rdacontent
337 _aunmediated
_bn
_2rdamedia
338 _avolume
_bnc
_2rdacarrier
650 4 _aسوريا- تاريخ- عصر حديث 1918-1920 ، سوريا- احوال سياسية
_98867
999 _aA1007
_c4575
_d4575